Normal view
MARC view
- A.C.King,J.Billingham and S.R.Otto
Entry Personal Name
001 - CONTROL NUMBER
- control field: 23860
003 - CONTROL NUMBER IDENTIFIER
- control field: NUST
005 - DATE AND TIME OF LATEST TRANSACTION
- control field: 20191014124939.0
008 - FIXED-LENGTH DATA ELEMENTS
- fixed length control field: 191014|| aca||aabn | a|a d
040 ## - CATALOGING SOURCE
- Original cataloging agency: NUST
- Transcribing agency: NUST
100 ## - HEADING--PERSONAL NAME
- Personal name: A.C.King,J.Billingham and S.R.Otto
670 ## - SOURCE DATA FOUND
- Source citation: Work cat.: (NUST): A.C.King,J.Billingham and S.R.Otto, Differential Equations Linear, Nonlinear, Ordinary, Partial, 2010
